000 00780nam a2200229Ia 4500
001 L100-573
003 IT-CnALBA
008 170116s9999||||xx |||||||||||||| ||und||
040 _aIT-CnALBA
_cIT-CnALBA
041 _aITALIANO
100 _aROTTA PAOLO
245 0 _aLA PIETRA FILOSOFALE
250 _a1a ed.
260 _aROMA TREVISO PARMA
_bBUFFETTI LUIGI EDITORE
_c1910 [1° Ed.: n.d.]
300 _a40 p.
500 _aCONFERENZA. TENDENZE DEL PENSIERO FILOSOFICO CONTEMPORANEO.
501 _aSocietà San Paolo EM - Piazza San Paolo, 14 - 12051 ALBA (CN) (non commercial uses only) ® Copyright 2017
520 _aCONFERENZA. TENDENZE DEL PENSIERO FILOSOFICO CONTEMPORANEO.
650 _aFILOSOFIA E DISCIPLINE COLLEGATE
942 _cBK
957 _71
999 _a672
_bSI
_g Copie: 1
_c259809
_d259809